Normal view
MARC view
Entry Personal Name
001 - CONTROL NUMBER
- control field: 3454
003 - CONTROL NUMBER IDENTIFIER
- control field: ARRUPE
005 - DATE AND TIME OF LATEST TRANSACTION
- control field: 20131107124943.0
008 - FIXED-LENGTH DATA ELEMENTS
- fixed length control field: 131107|| aca||aabn | a|a d
040 ## - CATALOGING SOURCE
- Original cataloging agency: ARRUPE
- Transcribing agency: ARRUPE
100 ## - HEADING--PERSONAL NAME
- Personal name: Apter, Andrew H.
- Fuller form of name: (Andrew Herman)
670 ## - SOURCE DATA FOUND
- Source citation: Work cat.: (ARRUPE)0: Apter, Andrew H. (Andrew Herman), Beyond words :, 2007.